Contracting and subcontracting for overseas projects (Record no. 38689)

MARC details
000 -LEADER
fixed length control field 00771nam a2200205 a 4500
008 - FIXED-LENGTH DATA ELEMENTS--GENERAL INFORMATION
fixed length control field 120416s1987 ||||||||||||||||| || u
020 ## - INTERNATIONAL STANDARD BOOK NUMBER
International Standard Book Number 1853330256
050 ## - LIBRARY OF CONGRESS CALL NUMBER
Classification number K 83 Her
100 ## - MAIN ENTRY--PERSONAL NAME
Personal name Hadley, Richard
245 10 - TITLE STATEMENT
Title Contracting and subcontracting for overseas projects
250 ## - EDITION STATEMENT
Edition statement enlarged e
260 ## - PUBLICATION, DISTRIBUTION, ETC.
Place of publication, distribution, etc. London
Name of publisher, distributor, etc. Graham and Trotman
Date of publication, distribution, etc. 1987
300 ## - PHYSICAL DESCRIPTION
Extent xi, 90p. : ill.
350 ## - PRICE (NR) (BK AM CF MU VM SE) [OBSOLETE]
Price 0.00
500 ## - GENERAL NOTE
General note Includes index. -Enl. ed. of: Topical aspects of overseas contracting for major engineering projects. 1977.
650 ## - SUBJECT ADDED ENTRY--TOPICAL TERM
Topical term or geographic name entry element CONTRACTS
650 ## - SUBJECT ADDED ENTRY--TOPICAL TERM
Topical term or geographic name entry element ENGINEERING CONTRACTS
700 ## - ADDED ENTRY--PERSONAL NAME
Personal name Herzfeld, Edgar O
995 ## - RECOMMENDATION 995 [LOCAL, UNIMARC FRANCE]
-- 0.00
-- CBU-MAIN LIBRARY (Kitwe)
-- 1
-- 34.75
-- 1
-- AVAILABLE
-- Annex Low-Usage Collection
Holdings
Withdrawn status Lost status Source of classification or shelving scheme Damaged status Not for loan Home library Current library Shelving location Date acquired Total Checkouts Full call number Barcode Date last seen Price effective from Koha item type
          CBU-MAIN LIBRARY, KITWE. CBU-MAIN LIBRARY, KITWE.   11/30/2022   K 83 Her 008523 11/30/2022 11/30/2022 MONOGRAPH